[Event "imp"]
[Site "?"]
[Date "2016.04.04"]
[Round "6.1"]
[White "Tomczak, Jacek"]
[Black "Swiercz, Dariusz"]
[Result "0-1"]
[BlackElo "2665"]
[WhiteElo "2603"]
[LiveChessVersion "1.4.4"]

1. e4 {[%clk 1:30:57]} c5 {[%clk 1:30:56]} 2. Nf3 {[%clk 1:31:23]} d6
{[%clk 1:31:23]} 3. d4 {[%clk 1:31:49]} cxd4 {[%clk 1:31:50]} 4. Nxd4
{[%clk 1:32:13]} Nf6 {[%clk 1:32:18]} 5. Nc3 {[%clk 1:32:36]} a6 {[%clk 1:32:45]}
6. Be3 {[%clk 1:33:01]} e5 {[%clk 1:33:11]} 7. Nb3 {[%clk 1:33:25]} Be6
{[%clk 1:33:38]} 8. f3 {[%clk 1:33:48]} h5 {[%clk 1:34:03]} 9. Qd2
{[%clk 1:34:14]} Nbd7 {[%clk 1:34:25]} 10. Nd5 {[%clk 1:34:32]} Bxd5
{[%clk 1:34:46]} 11. exd5 {[%clk 1:34:57]} g6 {[%clk 1:35:10]} 12. Na5
{[%clk 1:35:20]} Qc7 {[%clk 1:34:10]} 13. Be2 {[%clk 1:35:44]} Bg7
{[%clk 1:34:27]} 14. O-O {[%clk 1:35:56]} e4 {[%clk 1:34:39]} 15. c4
{[%clk 1:34:45]} exf3 {[%clk 1:34:26]} 16. gxf3 {[%clk 1:35:11]} O-O
{[%clk 1:34:48]} 17. Rac1 {[%clk 1:35:38]} Rfe8 {[%clk 1:34:03]} 18. b4
{[%clk 1:35:22]} Rxe3 {[%clk 1:29:17]} 19. Qxe3 {[%clk 1:35:41]} Re8
{[%clk 1:29:46]} 20. Qd2 {[%clk 1:30:26]} Bh6 {[%clk 1:29:14]} 21. f4
{[%clk 1:16:42]} Ne4 {[%clk 1:28:42]} 22. Qe1 {[%clk 1:07:54]} Ndf6
{[%clk 1:20:44]} 23. Nb3 {[%clk 1:00:17]} b5 {[%clk 1:14:06]} 24. Kh1
{[%clk 0:53:09]} Qd7 {[%clk 0:59:59]} 25. cxb5 {[%clk 0:40:41]} Nxd5
{[%clk 0:51:50]} 26. Bf3 {[%clk 0:20:47]} Nef6 {[%clk 0:40:02]} 27. Qf2
{[%clk 0:16:09]} Qxb5 {[%clk 0:38:45]} 28. Qd4 {[%clk 0:12:28]} Re3
{[%clk 0:30:04]} 29. Bxd5 {[%clk 0:11:09]} Qxd5+ {[%clk 0:28:42]} 30. Qxd5
{[%clk 0:11:36]} Nxd5 {[%clk 0:29:07]} 31. f5 {[%clk 0:11:54]} Re2
{[%clk 0:23:27]} 32. Nd4 {[%clk 0:11:35]} Re4 {[%clk 0:20:56]} 33. Rc8+
{[%clk 0:11:56]} Kg7 {[%clk 0:20:43]} 34. fxg6 {[%clk 0:12:11]} Kxg6
{[%clk 0:19:24]} 35. Nf5 {[%clk 0:07:19]} Bf4 {[%clk 0:19:47]} 36. Nxd6
{[%clk 0:07:22]} Bxd6 {[%clk 0:16:09]} 37. Rc6 {[%clk 0:07:37]} Re6
{[%clk 0:15:44]} 38. a3 {[%clk 0:03:49]} Be5 {[%clk 0:11:55]} 39. Rxe6+
{[%clk 0:02:42]} fxe6 {[%clk 0:12:24]} 40. Rf8 {[%clk 0:33:01]} Bb2
{[%clk 0:40:21]} 41. Ra8 {[%clk 0:30:31]} Nc7 {[%clk 0:37:17]} 42. Ra7
{[%clk 0:21:18]} Be5 {[%clk 0:37:37]} 43. a4 {[%clk 0:21:19]} Kf5
{[%clk 0:28:35]} 44. a5 {[%clk 0:18:07]} Bd6 {[%clk 0:09:36]} 45. b5
{[%clk 0:17:55]} Nxb5 {[%clk 0:10:01]} 46. Rxa6 {[%clk 0:18:20]} Bc5
{[%clk 0:10:22]} 47. Ra8 {[%clk 0:16:50]} e5 {[%clk 0:08:54]} 48. Rb8
{[%clk 0:15:54]} Na7 {[%clk 0:09:05]} 49. Rh8 {[%clk 0:10:34]} Kg4
{[%clk 0:09:31]} 50. Rg8+ {[%clk 0:04:37]} Kf4 {[%clk 0:07:52]} 51. Rh8
{[%clk 0:04:51]} Kg4 {[%clk 0:08:18]} 52. Rg8+ {[%clk 0:05:19]} Kf3
{[%clk 0:07:16]} 53. Rh8 {[%clk 0:05:13]} e4 {[%clk 0:07:36]} 54. Rxh5
{[%clk 0:05:40]} Bd4 {[%clk 0:07:58]} 55. Rf5+ {[%clk 0:05:00]} Ke2
{[%clk 0:07:46]} 56. Kg2 {[%clk 0:05:19]} e3 {[%clk 0:07:15]} 57. h4
{[%clk 0:01:16]} Kd3 {[%clk 0:04:51]} 58. Rf1 {[%clk 0:00:55]} e2
{[%clk 0:04:52]} 59. Rh1 {[%clk 0:00:44]} Bc3 {[%clk 0:04:11]} 60. Kf2
{[%clk 0:00:48]} Bxa5 {[%clk 0:03:56]} 61. h5 {[%clk 0:01:00]} Nc6
{[%clk 0:03:57]} 62. h6 {[%clk 0:01:24]} Ne5 {[%clk 0:03:33]} 63. h7
{[%clk 0:01:28]} Ng6 {[%clk 0:03:27]} 64. Ra1 {[%clk 0:00:48]} Bc3
{[%clk 0:03:23]} 65. Rc1 {[%clk 0:01:07]} Kd2 {[%clk 0:03:08]} 66. Rh1
{[%clk 0:01:16]} Bd4+ {[%clk 0:03:12]} 67. Kf3 {[%clk 0:01:43]} e1=Q
{[%clk 0:03:29]} 68. Rxe1 {[%clk 0:02:09]} Kxe1 {[%clk 0:03:56]} 69. h8=R
{[%clk 0:02:34]} Nxh8 {[%clk 0:04:20]} 70. Ke4 {[%clk 0:03:01]} Bb2
{[%clk 0:03:57]} 71. Ke3 {[%clk 0:03:16]} Ng6 {[%clk 0:04:16]} 72. Kd3
{[%clk 0:03:41]} Ne5+ {[%clk 0:04:26]} 73. Ke3 {[%clk 0:03:57]} Bc3
{[%clk 0:04:34]} 74. Ke4 {[%clk 0:04:25]} Ke2 {[%clk 0:04:59]} 75. Kd5
{[%clk 0:04:51]} Kd3 {[%clk 0:05:23]} 76. Kc5 {[%clk 0:05:17]} Ke4
{[%clk 0:05:30]} 77. Kd6 {[%clk 0:05:44]} Bb4+ {[%clk 0:05:29]} 78. Ke6
{[%clk 0:06:11]} Ng4 {[%clk 0:05:27]} 79. Kd7 {[%clk 0:06:37]} Kd5
{[%clk 0:05:53]} 80. Kc7 {[%clk 0:07:03]} Ne5 {[%clk 0:05:47]} 81. Kb6
{[%clk 0:07:30]} Kc4 {[%clk 0:06:09]} 82. Kb7 {[%clk 0:07:55]} Kb5
{[%clk 0:06:02]} 83. Kc7 {[%clk 0:08:22]} Be7 {[%clk 0:06:06]} 84. Kb7
{[%clk 0:08:44]} Bd6 {[%clk 0:06:21]} 85. Ka7 {[%clk 0:09:07]} Kc6
{[%clk 0:05:53]} 86. Ka8 {[%clk 0:09:33]} Nc4 {[%clk 0:06:10]} 87. Ka7
{[%clk 0:10:00]} Nb6 {[%clk 0:06:36]} 88. Ka6 {[%clk 0:10:27]} Bb8
{[%clk 0:07:03]} 89. Ka5 {[%clk 0:10:54]} Nd5 {[%clk 0:07:06]} 90. Ka4
{[%clk 0:11:20]} Kc5 {[%clk 0:07:27]} 91. Kb3 {[%clk 0:11:48]} Nb4
{[%clk 0:07:49]} 92. Kc3 {[%clk 0:12:14]} Bf4 {[%clk 0:08:16]} 93. Kd4+ 0-1

[Event "imp"]
[Site "?"]
[Date "2016.04.05"]
[Round "7.3"]
[White "Swiercz, Dariusz"]
[Black "Kanarek, Marcel"]
[Result "1-0"]
[BlackElo "2532"]
[WhiteElo "2665"]
[LiveChessVersion "1.4.4"]

1. e4 {[%clk 1:30:54]} c6 {[%clk 1:30:33]} 2. d4 {[%clk 1:31:18]} d5
{[%clk 1:31:00]} 3. e5 {[%clk 1:31:44]} Bf5 {[%clk 1:31:26]} 4. Nf3
{[%clk 1:32:10]} e6 {[%clk 1:31:41]} 5. Be2 {[%clk 1:32:36]} Nd7 {[%clk 1:31:45]}
6. O-O {[%clk 1:32:20]} Ne7 {[%clk 1:31:25]} 7. Nbd2 {[%clk 1:32:43]} h6
{[%clk 1:31:44]} 8. Nb3 {[%clk 1:33:06]} g5 {[%clk 1:31:24]} 9. a4
{[%clk 1:33:32]} a5 {[%clk 1:31:28]} 10. Ne1 {[%clk 1:33:22]} Qc7
{[%clk 1:28:01]} 11. Bd2 {[%clk 1:31:46]} Bg7 {[%clk 1:16:47]} 12. f4
{[%clk 1:26:10]} gxf4 {[%clk 0:58:09]} 13. Bxf4 {[%clk 1:23:10]} Ng6
{[%clk 0:55:24]} 14. Bd3 {[%clk 1:14:41]} Bxd3 {[%clk 0:35:54]} 15. Nxd3
{[%clk 1:14:42]} b6 {[%clk 0:32:06]} 16. Qf3 {[%clk 1:01:38]} O-O
{[%clk 0:19:01]} 17. Qh3 {[%clk 0:52:23]} Kh7 {[%clk 0:13:56]} 18. Nd2
{[%clk 0:45:16]} c5 {[%clk 0:13:47]} 19. Nf3 {[%clk 0:31:22]} c4 {[%clk 0:12:00]}
20. Bxh6 {[%clk 0:31:08]} Bxh6 {[%clk 0:11:13]} 21. Ng5+ {[%clk 0:31:29]} Kg7
{[%clk 0:11:22]} 22. Rxf7+ {[%clk 0:31:50]} Rxf7 {[%clk 0:06:55]} 23. Nxe6+
{[%clk 0:32:16]} Kh7 {[%clk 0:06:04]} 24. Nxc7 {[%clk 0:32:35]} cxd3
{[%clk 0:06:08]} 25. Qxd3 {[%clk 0:28:44]} Ndxe5 {[%clk 0:05:25]} 26. dxe5
{[%clk 0:28:45]} Rxc7 {[%clk 0:05:52]} 27. Rf1 {[%clk 0:28:11]} Rf8
{[%clk 0:03:55]} 28. Rf6 {[%clk 0:27:03]} Rxf6 {[%clk 0:03:45]} 29. exf6
{[%clk 0:27:32]} d4 {[%clk 0:02:28]} 30. Qxd4 {[%clk 0:26:14]} Bf8
{[%clk 0:01:20]} 31. Qd3 {[%clk 0:24:25]} Bc5+ {[%clk 0:01:35]} 32. Kh1
{[%clk 0:23:57]} Rf7 {[%clk 0:01:25]} 33. Qf5 {[%clk 0:23:47]} Kh6
{[%clk 0:00:45]} 34. g4 {[%clk 0:24:07]} 1-0

[Event "imp"]
[Site "?"]
[Date "2016.04.06"]
[Round "8.2"]
[White "Kanarek, Marcel"]
[Black "Wojtaszek, Radoslaw"]
[Result "0-1"]
[BlackElo "2713"]
[WhiteElo "2532"]
[LiveChessVersion "1.4.4"]

1. e4 c5 2. Nf3 d6 3. d4 cxd4 4. Nxd4 Nf6 5. Nc3 a6 6. Nb3 Nbd7 7. g4 h6 8. Bg2
b5 9. h4 b4 10. Nd5 Nxd5 11. exd5 Ne5 12. f3 g6 13. Be3 Bg7 14. Bd4 O-O 15. g5 a5
16. gxh6 Bxh6 17. h5 Bf4 18. Nc1 Bg3+ 19. Kf1 Ba6+ 20. Ne2 Qd7 21. hxg6 fxg6 22.
Bh3 Qb5 23. Be6+ Kg7 24. Kg2 Qxe2+ 25. Qxe2 Bxe2 26. Kxg3 Rxf3+ 27. Kg2 Rf4 28.
Be3 Bf3+ 29. Kg3 Bxh1 30. Bxf4 Be4 31. Bg5 Re8 32. Kf4 Bxc2 33. Rh1 Nd3+ 34. Ke3
Nc5 35. Bh6+ Kf6 36. Rf1+ Bf5 37. Bxf5 gxf5 38. Rg1 Ke5 39. Rd1 Rg8 40. Bf4+ Kf6
41. Kf3 Rg4 42. Rd2 Nd7 43. b3 Ne5+ 44. Ke3 Ng6 45. Bh2 Re4+ 46. Kd4 Ke5+ 0-1